Hanson

Podrobná bibliografia
Hlavný autor: Matthews, Jill (Autor)
Ďalší autori: Šajda, Boris (Prekladateľ)
Médium: Kniha
Jazyk:slovenčina
Fyzický popis:141 s. fareb. fotogr. 21 cm
Vydavateľské údaje: Bratislava Motýľ 1997
ISBN:8088775515
Predmet:

MARC

LEADER 00000nam a2200000 a 4500
001 vtls001326234
003 SK-MaSNL
005 20260301114240.0
008 240318s1997 xo a r 0 slo
015 |a SNBA1998/07-02529 
020 |a 8088775515 
035 |a SNK000279006 
035 |a urn:nbn:sk:snk-amkhhu 
035 |a urn:nbn:sk:snk-am008glh 
035 |a 7C9FBF38-9315-4F3E-9AF0-5B60BEA12F75 
040 |a SNK  |b slo  |c SNK  |e AACR2 
041 0 |a slo 
044 |a xo  |c SK 
080 |a 784.66:929  |2 1981 
080 |a 929  |2 1981 
100 1 |a Matthews, Jill  |4 aut  |9 40888 
240 1 0 |a Hanson: MMM bop to the top  |l Slovensky 
245 1 0 |a Hanson  |c Jill Matthewsová ; [z anglického originálu preložil Boris Šajda] 
260 |a Bratislava  |b Motýľ  |c 1997 
300 |a 141 s.  |b fareb. fotogr.  |c 21 cm 
500 |a Údaj o prekl. prevzatý z front. 
610 2 7 |a Hanson (hudobná skupina)  |2 SNK  |9 32205 
655 7 |a monografie  |2 SNK  |9 70139 
700 1 |a Šajda, Boris  |4 trl  |9 47106 
919 |a 80-88775-51-5 
958 |a OND 
958 |a TL 
958 |a OP 
958 |a NS 
958 |a US 
958 |a BC 
968 |b ENG 
999 |c 717639  |d 719569 
952 |t P60, <03>, [BOOK], {603}  |a SNK  |b SNK  |y PREZ  |7 0  |p 17A0130348  |o snkSC 95452  |i snkKSP 3439/98  |0 0  |1 0  |4 0  |d 1998-03-31  |f 1  |l 0  |r 2025-09-12 00:00:00  |w 2026-02-23 
952 |t P60, <04>, [BOOK], {604}  |a SNK  |b SNK  |y VYP  |7 0  |p 17A0130349  |o snkSC 95452 D1  |i snkKSP 3440/98  |0 0  |1 0  |4 0  |d 1998-03-31  |l 0  |r 2005-01-02 00:00:00  |w 2026-02-23 
952 |t P60, <09>, [BOOK], {629}  |a SNK  |b SNK  |y NEVYP  |7 0  |o snkC 235  |i snk496/20000403  |0 0  |1 0  |4 0  |d 2000-03-31  |l 0  |r 2005-01-02 00:00:00  |w 2026-02-23